پر يم چند / (Record no. 171901)

MARC details
000 -LEADER
fixed length control field 00556nam a22001937a 4500
005 - DATE AND TIME OF LATEST TRANSACTION
control field 20200203104205.0
010 ## - LCCN (DPL NO)
LC control number A-243831
020 ## - INTERNATIONAL STANDARD BOOK NUMBER
Terms of availability N.A.
International Standard Book Number -
035 ## - SYSTEM CONTROL NUMBER
System control number A-243831
037 ## - SOURCE OF ACQUISITION
Source of stock number/acquisition BPPD/Pub.
082 ## - DEWEY DECIMAL CLASSIFICATION NUMBER
Classification number 920
100 ## - MAIN ENTRY--PERSONAL NAME
Personal name عبد ا لسلا م
245 ## - TITLE STATEMENT
Title پر يم چند /
Statement of responsibility, etc عبد ا لسلا م
246 ## - VARYING FORM OF TITLE
Remainder of title Prem Chand(Urdu) /
Title proper/short title by Abdul salam
260 ## - PUBLICATION, DISTRIBUTION, ETC. (IMPRINT)
Place of publication, distribution, etc U.P.
Name of publisher, distributor, etc Sir Syed Book Depot
Date of publication, distribution, etc 1963 ء
270 ## - ADDRESS
Address Sir Syed Book Depot
City Aligarh
Postal code -
Telephone number -
Fax number -
300 ## - PHYSICAL DESCRIPTION
Extent 120 ص
Dimensions 22cm(Hb)
942 ## - ADDED ENTRY ELEMENTS (KOHA)
Source of classification or shelving scheme Dewey Decimal Classification
Item type Urdu Bks
Classification part 920
Call number suffix پ ر ے
Holdings
Withdrawn status Lost status Not for loan Collection code Home library Current library Date acquired Source of acquisition Cost, normal purchase price Full call number Barcode Copy number Cost, replacement price Koha item type
      Non-fiction Central Library Central Library 23/01/2020 BPPD/Ven. 0.00 920 پ ر ے A-243831 1 0.00 Urdu Bks

© Delhi Public Library
Hit Counter
free hit counter